| 000 | 01155nam a2200289Ia 4500 | ||
|---|---|---|---|
| 001 | ebr10677909 | ||
| 003 | CaPaEBR | ||
| 006 | m u | ||
| 007 | cr cn||||||||| | ||
| 008 | 130413s2013 enk s 000 0 eng d | ||
| 020 | _z9789956790623 | ||
| 020 | _z9789956728534 | ||
| 020 | _z9789956790609 | ||
| 040 |
_aCaPaEBR _cCaPaEBR |
||
| 035 | _a(OCoLC)847619463 | ||
| 050 | 1 | 4 |
_aHM1271.F67 _bU53 2013eb |
| 100 | 1 | _aFossungu, Peter Ateh-Afac. | |
| 245 | 1 | 0 |
_aUnderstanding confusion in Africa _h[electronic resource] : _bthe politics of multiculturalism and nation-building in Cameroon / _cPeter Atech-Afac Fossungu. |
| 260 |
_aOxford : _bLangaa RPCIG, _c2013. |
||
| 300 | _axii, 256 p. | ||
| 533 |
_aElectronic reproduction. _bPalo Alto, Calif. : _cebrary, _d2013. _nAvailable via World Wide Web. _nAccess may be limited to ebrary affiliated libraries. |
||
| 650 | 0 |
_aMulticulturalism _zCameroon. |
|
| 650 | 0 |
_aNation-building _zCameroon. |
|
| 655 | 7 |
_aElectronic books. _2local |
|
| 710 | 2 | _aebrary, Inc. | |
| 856 | 4 | 0 |
_uhttp://site.ebrary.com/lib/rucke/Doc?id=10677909 _zAn electronic book accessible through the World Wide Web; click to view |
| 999 |
_c168306 _d168306 |
||